| 000 | 00715nam a2200229Ia 4500 | ||
|---|---|---|---|
| 003 | GCL | ||
| 008 | 140319s9999 xx 000 0 ara d | ||
| 040 |
_aGCL / _cGCL |
||
| 082 | 0 | 4 |
_a811.01 _bف ل |
| 100 | 1 | _aيوسف فرنسيس | |
| 245 | 1 | 0 |
_aلاتحطمى المرايا 22 قصيدة حب / _cيوسف فرنسيس |
| 700 | 1 | _aفوزى احمد | |
| 260 |
_a[S.N] : _bفوزى احمد ، _c1995 |
||
| 300 | _a183 ص | ||
| 490 | _a | ||
| 650 | 0 | 4 | _aالشعر العربى |
| 650 | 0 | 4 | _aالشعر الغزلى |
| 650 | 0 | 4 | _aالشعر |
| 650 | 0 | 4 | _aالشعر العربى - العصر الحديث |
| 650 | 0 | 4 | _aالشعر العربى - العصر العباسى الاول |
| 942 |
_2ddc _cBK |
||
| 999 |
_c36993 _d36993 |
||